Influencia de la cobertura vegetal (Glycine wightii (Wight & Arn) Verde., en la dinámica de artrópodos en plantaciones de naranja (Citrus sinensis(L.) Osbeck) en Martínez de la Torre, Veracruz / (Record no. 91614)
[ view plain ]
| 000 -CABECERA | |
|---|---|
| campo de control de longitud fija | 01673nam a22004337a 4500 |
| 001 - NÚMERO DE CONTROL | |
| campo de control | 000095148 |
| 003 - IDENTIFICADOR DEL NÚMERO DE CONTROL | |
| campo de control | CHAP |
| 005 - FECHA Y HORA DE LA ÚLTIMA TRANSACCIÓN | |
| campo de control | 20220329143058.0 |
| 008 - DATOS DE LONGITUD FIJA--INFORMACIÓN GENERAL | |
| campo de control de longitud fija | 050131d2005 mx r 00110 spa d |
| 010 ## - NÚMERO DE CONTROL DE LA BIBLIOTECA DEL CONGRESO | |
| Número de control de LC | 91614 |
| 011 ## - ENLACE DEL NUMERO DE CONTROL DE LA BIBLIOTECA DEL CONGRESO [OBSOLETO] | |
| Número de control de LC | 92586 |
| 035 ## - NÚMERO DE CONTROL DEL SISTEMA | |
| Número de control de sistema | 103151 |
| 040 ## - FUENTE DE LA CATALOGACIÓN | |
| Centro/agencia transcriptor | CHAP |
| 090 ## - LOCALMENTE ASIGNADO TIPO-LC NÚMERO DE CLASIFICACIÓN (OCLC); NÚMERO DE CLASIFICACIÓN LOCAL (RLIN) | |
| Número de clasificación (OCLC) (R) ; Numero de clasificación, CALL (RLIN) (NR) | Tesis |
| 100 00 - ENTRADA PRINCIPAL--NOMBRE DE PERSONA | |
| Nombre de persona | Espinosa Fonseca, Laura. |
| 9 (RLIN) | 37927 |
| 245 10 - MENCIÓN DE TÍTULO | |
| Título | Influencia de la cobertura vegetal (Glycine wightii (Wight & Arn) Verde., en la dinámica de artrópodos en plantaciones de naranja (Citrus sinensis(L.) Osbeck) en Martínez de la Torre, Veracruz / |
| Mención de responsabilidad, etc. | /por Laura Espinosa Fonseca. |
| 260 ## - PUBLICACIÓN, DISTRIBUCIÓN, ETC. | |
| Lugar de publicación, distribución, etc. | Chapingo, Méx. : |
| Nombre del editor, distribuidor, etc. | El autor, |
| Fecha de publicación, distribución, etc. | 2005. |
| 300 ## - DESCRIPCIÓN FÍSICA | |
| Extensión | 68 h. : |
| Otras características físicas | ilus. |
| 502 ## - NOTA DE TESIS | |
| Nota de tesis | Tesis (M.C. en Protección Vegetal) -- UACH. Departamento de Parasitología Agrícola |
| 590 ## - NOTA LOCAL (RLIN) | |
| Nota local | ALEPH |
| Procedencia (VM) [OBSOLETO] | 10 |
| Condición del los carretes individuales (VM) [OBSOLETO] | 20130110 |
| -- | UCH01 |
| -- | 1508 |
| 590 ## - NOTA LOCAL (RLIN) | |
| Nota local | BATCH-UPD |
| Procedencia (VM) [OBSOLETO] | 10 |
| Condición del los carretes individuales (VM) [OBSOLETO] | 20130110 |
| -- | UCH01 |
| -- | 0120 |
| 590 ## - NOTA LOCAL (RLIN) | |
| Nota local | BATCH-UPD |
| Procedencia (VM) [OBSOLETO] | 10 |
| Condición del los carretes individuales (VM) [OBSOLETO] | 20130110 |
| -- | UCH01 |
| -- | 1621 |
| 590 ## - NOTA LOCAL (RLIN) | |
| Nota local | BATCH-UPD |
| Procedencia (VM) [OBSOLETO] | 10 |
| Condición del los carretes individuales (VM) [OBSOLETO] | 20140324 |
| -- | UCH01 |
| -- | 1453 |
| 590 ## - NOTA LOCAL (RLIN) | |
| Nota local | BATCH-UPD |
| Procedencia (VM) [OBSOLETO] | 10 |
| Condición del los carretes individuales (VM) [OBSOLETO] | 20141002 |
| -- | UCH01 |
| -- | 0828 |
| 590 ## - NOTA LOCAL (RLIN) | |
| Nota local | CONVERSION |
| Procedencia (VM) [OBSOLETO] | 10 |
| Condición del los carretes individuales (VM) [OBSOLETO] | 20130109 |
| -- | UCH01 |
| -- | 1351 |
| 590 ## - NOTA LOCAL (RLIN) | |
| Nota local | E792CSJ |
| Procedencia (VM) [OBSOLETO] | 10 |
| Condición del los carretes individuales (VM) [OBSOLETO] | 20130612 |
| -- | UCH01 |
| -- | 1233 |
| 650 14 - PUNTO DE ACCESO ADICIONAL DE MATERIA--TÉRMINO DE MATERIA | |
| Término de materia o nombre geográfico como elemento de entrada | Cultivos de cobertura. |
| 9 (RLIN) | 30371 |
| 650 14 - PUNTO DE ACCESO ADICIONAL DE MATERIA--TÉRMINO DE MATERIA | |
| Término de materia o nombre geográfico como elemento de entrada | Glycine wightii. |
| 9 (RLIN) | 48339 |
| 650 14 - PUNTO DE ACCESO ADICIONAL DE MATERIA--TÉRMINO DE MATERIA | |
| Término de materia o nombre geográfico como elemento de entrada | Malas hierbas. |
| 9 (RLIN) | 69996 |
| 650 14 - PUNTO DE ACCESO ADICIONAL DE MATERIA--TÉRMINO DE MATERIA | |
| Término de materia o nombre geográfico como elemento de entrada | Naranja |
| Subdivisión general | Plagas. |
| 9 (RLIN) | 80182 |
| 650 14 - PUNTO DE ACCESO ADICIONAL DE MATERIA--TÉRMINO DE MATERIA | |
| Término de materia o nombre geográfico como elemento de entrada | Naranja |
| Subdivisión geográfica | Veracruz. |
| 9 (RLIN) | 80199 |
| 856 ## - LOCALIZACIÓN Y ACCESO ELECTRÓNICOS | |
| Especificación de materiales | Finding aid |
| Identificador Uniforme del Recurso | <a href="http://10.13.5.2/tesis/103151.pdf">http://10.13.5.2/tesis/103151.pdf</a> |
| Nota pública | Teclea aquí |
| 901 ## - ELEMENTOS DE DATOS A LOCAL LDA (RLIN) | |
| a | BK |
| 905 ## - ELEMENTOS DE DATOS E LOCAL, LDE (RLIN) | |
| a | Alejandra Carrasco M. |
| 942 ## - ELEMENTOS DE PUNTO DE ACCESO ADICIONAL (KOHA) | |
| Tipo de ítem Koha | CD |
| 942 ## - ELEMENTOS DE PUNTO DE ACCESO ADICIONAL (KOHA) | |
| Suprimir en OPAC | 0 |
| 949 ## - PROCESAMIENTO DE INFORMACIÓN LOCAL (OCLC) | |
| a | Tesis |
| b | BC |
| c | TES |
| d | 00000001031511 |
| e | TS1 |
| g | DonaciØn |
| h | 44178 |
| i | 103151 |
| s | b |
| 949 ## - PROCESAMIENTO DE INFORMACIÓN LOCAL (OCLC) | |
| a | Tesis |
| b | BC |
| c | TES |
| d | 33724000968590 |
| e | TS2 |
| f | c.2 |
| g | DonaciØn |
| h | 44179 |
| i | 103151 |
| s | i |
| Estado de retiro | Estado de pérdida | Fuente del sistema de clasificación o colocación | Estado dañado | Restricciones de uso | No para préstamo | Código de colección | Localización permanente | Ubicación/localización actual | Fecha de adquisición | Fuente de adquisición | Información codificada de la localización en otra ubicación | Total de préstamos | Signatura topográfica completa | Código de barras | Fecha visto por última vez | Precio válido a partir de | Tipo de ítem Koha | Ubicación en estantería | Número de copia |
|---|---|---|---|---|---|---|---|---|---|---|---|---|---|---|---|---|---|---|---|
| Clasificación Universidad Autónoma de Chapingo | Préstamo interno | Tesis | Biblioteca Central | Biblioteca Central | 12/06/2013 | Donacion | CD | Tesis | 33724002374355 | 31/12/2019 | 12/06/2013 | CD | |||||||
| Clasificación Universidad Autónoma de Chapingo | Préstamo 3 días | Tesis | Biblioteca Central | Biblioteca Central | 31/12/2019 | Donacion | TESIS | Tesis | 33724000968590 | 31/12/2019 | 31/12/2019 | Tesis | Planta alta - Área de Tesis - Tesis | c.2 | |||||
| Clasificación Universidad Autónoma de Chapingo | Préstamo interno | Tesis | Biblioteca Central | Biblioteca Central | 31/12/2019 | TESIS | Tesis | 00000001031511 | 31/12/2019 | 31/12/2019 | Tesis | Planta alta - Área de Tesis - Tesis |
